000 01246nam a2200337 a 4500
001 000115875
003 CHAP
005 20220329144552.0
008 190718s2019 mx a |sm |||||||spa d
010 _a112336
011 _a113308
040 _cCHAP
090 _aTesis
100 1 _aBautista Juárez, Eduardo.
_9136543
245 1 0 _aEfectos de acaricidas orgánicos e inorgánicos sobre el ácaro lewis en papayo
_h[En línea]
_cpor Eduardo Bautista Juárez.
260 _aChapingo, Méx. :
_bEl autor,
_c2019.
500 _aPara ver el contenido del material haga clic en la liga
502 _aTesis (Ing. Agr. Esp. en Parasitología Agrícola) -- UACH. Departamento de Parasitología Agrícola
590 _aBATCH-UPD
_b05
_c20190718
_lUCH01
_h1219
590 _aE6339RRR
_b05
_c20190718
_lUCH01
_h1214
590 _aE6339RRR
_b05
_c20190718
_lUCH01
_h1215
590 _aE6339RRR
_b05
_c20190718
_lUCH01
_h1218
650 1 4 _aÁcaros fitófagos
_xIdentificación.
_9130836
650 1 4 _aÁcaros
_xControl.
_9131782
650 1 4 _aInsecticidas
_xEfecto en plantas.
_958871
650 1 4 _aPapaya
_xPlagas.
_985350
856 _aFinding aid
_uhttp://10.13.5.2/tesis/sist115875.pdf
_zTeclea aquí
901 _aBK
942 _cTESIS
942 _n0
999 _c112336
_d112336